Villes du Pays basque en images - Statistiques

Statistiques générales
  • Ce quiz a été pris 81 fois
  • Le résultat moyen est 10 sur 18
Statistiques - réponses
Par images Hint Réponse % Correct
France B{ayonne}
98%
France B{iarritz}
95%
France E{spelette}
91%
Pays basque S{aint}-{Sébastien}
89%
Pays basque B{ilbao}
88%
France H{endaye}
84%
France S{aint}-{Jean}-{de}-{Luz}
84%
France S{aint}-{Jean}-{Pied}-{de}-{Port}
75%
Navarre P{ampelune}
67%
France U{rrugne}
66%
Pays basque V{itoria}-{Gasteiz}
55%
Pays basque G{uernica}
36%
Pays basque Z{arautz}
27%
Pays basque F{ontarrabie}
20%
Navarre T{udela}
20%
Pays basque T{olosa}
13%
Navarre O{lite}
11%
Pays basque P{ortugalete}
5%
Aucun quiz correspondant
Distribution des résultats
% des personnes avec chaque résultat
Percentile par nombre de réponses
Votre historique - résultats
Vous n’avez pas pris ce quiz